1977 1841 1505 1475 1559 1918 1183 1057 1154 1050 1436 1477 1392 1803 1842 1539 1741 1007 1007 1619 1861 1081 1473 1566 1418 1931 1847 1095 1615 1480 1976 1275 1398 1963 1766 1972 1117 1672 1192 1217 1854 1463 1555 1939 1457 1626 1437 1149 1184 1240 1694 1578 1265 1401 1487 1067 1766 1041 1089 1489 1398 1979 1017 1671 1240 1152 1124 1745 1980 1848 1764 1808 1445 1849 1829 1080 1453 1062 1187 1673 1646 1361 1554 1159 1251 2000 1921 1543 1656 1901 1730 1711 1040 1654 1508 1654 1151 1923 1120 BCNSPRNW ULIB Ver.6.0+V

เปลี่ยนเป็นภาษาไทย

Change to English
 แสดงรายละเอียดบรรณานุกรม
  กลับหน้าหลัก

Brief Record : Get Marc (ISO 2709) : E-mail record : QR code < ปิดหน้าต่าง
LEADER : 00000nam 2200000uu 4500
001    13399124163
003     ULIB
008    150122s2556||||th 000 0 tha d
020    ^a9786165086677
060  4 ^aWD300^bส831ร
100 0  ^aสุพัตรา
245 00 ^aโรคแพ้ตึก ภัยเงียบจากในอาคาร/^cสุพัตรา
260    ^aกรุงเทพฯ :^bแสงดาว,^c2556.
300    ^a144 หน้า :^bภาพประกอบ ;^c21 ซม.
650  0 ^aโรคภูมิแพ้
945    ^p110^l0^i038747
945    ^p110^l0^i038748
945    ^p110^l0^i038749
945    ^p110^l0^i038750
945    ^p110^l0^i038751
945    ^p110^l0^i038752
945    ^p110^l0^i038753
999    ^aเกษร โพธิ์สุวรรณ
รายการนี้ยังไม่มีแท็ก
คุณยังไม่ได้ล็อกอิน คุณสามารถมีกิจกรรมร่วมกับเว็บไซต์ได้ แต่ต้องล็อกอินก่อน ::
  ล็อกอิน

รายการสื่อสารสนเทศ

ลำดับที่ ประเภท เลขเรียก/บาร์โค้ด สถานที่ สถานะ
1. การศึกษาทั่วไป
หนังสือสำรอง
สถานะ=หนังสือสำรอง
WD300 ส831ร ฉ.1 
  Barcode: 038747
ห้องสมุดวิทยาเขตสวรรค์ประชารักษ์
►ส่วนจัดเก็บหนังสือเก่า สปร
บนชั้น
  ขอยืม
2. การศึกษาทั่วไป
การศึกษาทั่วไป
WD300 ส831ร ฉ.2 
  Barcode: 038748
ห้องสมุดวิทยาเขตสวรรค์ประชารักษ์
►ส่วนจัดเก็บหนังสือเก่า สปร
บนชั้น
  ขอยืม
3. การศึกษาทั่วไป
การศึกษาทั่วไป
WD300 ส831ร ฉ.3 
  Barcode: 038749
ห้องสมุดวิทยาเขตสวรรค์ประชารักษ์
►ส่วนจัดเก็บหนังสือเก่า สปร
บนชั้น
  ขอยืม
4. การศึกษาทั่วไป
การศึกษาทั่วไป
WD300 ส831ร ฉ.4 
  Barcode: 038750
ห้องสมุดวิทยาเขตสวรรค์ประชารักษ์
►ส่วนจัดเก็บหนังสือเก่า สปร
บนชั้น
  ขอยืม
5. การศึกษาทั่วไป
การศึกษาทั่วไป
WD300 ส831ร ฉ.5 
  Barcode: 038751
ห้องสมุดวิทยาเขตสวรรค์ประชารักษ์
►ส่วนจัดเก็บหนังสือเก่า สปร
บนชั้น
  ขอยืม
6. การศึกษาทั่วไป
การศึกษาทั่วไป
WD300 ส831ร ฉ.6 
  Barcode: 038752
ห้องสมุดวิทยาเขตสวรรค์ประชารักษ์
►ส่วนจัดเก็บหนังสือเก่า สปร
บนชั้น
  ขอยืม
7. การศึกษาทั่วไป
การศึกษาทั่วไป
WD300 ส831ร ฉ.7 
  Barcode: 038753
ห้องสมุดวิทยาเขตสวรรค์ประชารักษ์
►ส่วนจัดเก็บหนังสือเก่า สปร
บนชั้น
  ขอยืม

รายการใกล้เคียง
    ผู้แต่ง [สุพัตรา]

    หัวเรื่อง [โรคภูมิแพ้]

BibComment


ยังไม่เคยถูกคอมเมนท์

คอมเมนท์ทรัพยากรรายการนี้
  คอมเมนท์: โรคแพ้ตึก ภัยเงี..


 Copyright 2026. Bcnsprnw @Library